000 00435ntaaa2200181 4500
003 01
005 20251027202938.0
008 0714s1973 ag 01
040 _aAR-BaBN
_bspa
_cAR-BaBN
_eaacr
_dRIC
082 _a927.0000 Es6
100 _aEspina, Antonio
_930160
245 _aChopin
250 _a1 ed.
260 _aBuenos Aires :
_bEspasa Calpe Argentina,
_cc1952
300 _a234 p
650 _abiografĂ­a-Chopin
942 _cBK
999 _c24759
_d24759